Sports Quiz

Random Sports or Role Quiz
Score 0/26 Timer 05:00
0 Plays Today
Role Player % Correct
Starting 2nd BasemanDustin Pedroia
96.7%
Starting 1st BasemanMike Napoli
95.6%
Designated HitterDavid Ortiz
95.6%
Starting ShortstopStephen Drew
94.4%
Starting LeftfielderJonny Gomes
94.4%
Starting CenterfielderJacoby Ellsbury
94.4%
#2 StarterJohn Lackey
93.3%
#4 StarterJake Peavy
93.3%
Ace Jon Lester
92.2%
Starting 3rd BasemanWill Middlebrooks
92.2%
ManagerJohn Farrell
91.1%
CloserKoji Uehara
91.1%
#3 Starter Clay Buchholz
91.1%
Role Player % Correct
Starting RightfielderShane Victorino
91.1%
Starting CatcherJarrod Saltalamacchia
90%
Backup CatcherDavid Ross
90%
Backup ShortstopXander Bogaerts
87.8%
Backup LeftfielderDaniel Nava
86.7%
Pinch RunnerQuintin Berry
81.1%
Setup ManJunichi Tazawa
80%
Pinch HitterMike Carp
78.9%
Setup ManCraig Breslow
77.8%
Middle ReliefBrandon Workman
76.7%
Long ReliefRyan Dempster
75.6%
Long ReliefFelix Doubront
75.6%
Middle ReliefFranklin Morales
63.3%
Remove Ads.
Support Sporcle.
Get the best of Sporcle when you Go Orange. This ad-free experience offers more features, more stats, and more fun while also helping to support Sporcle. Thank you for becoming a member.

You're not logged in!

Compare scores with friends on all Sporcle quizzes.
OR
Log In

Show Comments

Extras

Created Oct 26, 2013ReportNominate
Tags:Role Quiz, 2013, Player, Red

Top Quizzes Today


Score Distribution

Your Account Isn't Verified!

In order to create a playlist on Sporcle, you need to verify the email address you used during registration. Go to your Sporcle Settings to finish the process.

Report this User

Report this user for behavior that violates our Community Guidelines.

Details: